Wrestlemania 1 Participants Quiz - Statistics

General Stats
  • This quiz has been taken 248 times
  • The average score is 19 of 42
Answer Stats
Hint Answer % Correct
Match 9 Hulk Hogan
90%
& Mr. T
79%
Match 7 Andre the Giant
77%
VS Roddy Piper
77%
Commentators - Gorilla Monsoon
69%
& Paul Orndorff
67%
Match 1 Tito Santana
61%
VS Big John Studd
59%
with - Bobby "The Brain" Heenan
59%
Match 2 King Kong Bundy
55%
with - Cowboy Bob Orton
50%
with - Jimmy Snuka
49%
VS Greg Valentine
48%
& The Iron Sheik
48%
Match 3 Ricky Steamboat
47%
- Jesse "The Body" Ventura
46%
with - Jimmy Hart
46%
with - Jimmy Hart
46%
Match 5 Junkyard Dog
46%
with - Cyndi Lauper
45%
Guest Referees - Muhammad Ali
43%
Interviewers - "Mean" Gene Okerlund
42%
Guest Timekeeper - Liberace
40%
VS Special Delivery Jones
40%
Match 8 Wendi Richter
40%
Ring Announcer - Howard Finkel
39%
Match 6 Nikolai Volkoff
39%
& Barry Windham (US Express)
38%
VS Brutus Beefcake
38%
VS The Executioner
37%
with - Captain Lou Albano
36%
- Lord Alfred Hayes
35%
VS Mike Rotundo (US Express)
35%
with - The Fabulous Moolah
35%
Match 4 David Sammartino
31%
with - "Classy" Freddie Blassie
30%
with - Bruno Sammartino
29%
VS Leilani Kai
27%
VS Matt Borne
27%
Guest Ring Announcer - Billy Martin
25%
- Pat Patterson
23%
with - Johnny Valiant
20%
No matching quizzes found
Score Distribution
Percent of People with Each Score
Percentile by Number Answered
Your Score History
You have not taken this quiz